Fao Statistical Yearbook = Annuaire statistique de la FAO
Đã lưu trong:
| 企业作者: | |
|---|---|
| 格式: | 图书 |
| 语言: | Undetermined |
| 出版: |
Rome
FAO
2005
|
| 主题: | |
| 标签: |
添加标签
没有标签, 成为第一个标记此记录!
|
| Thư viện lưu trữ: | Trung tâm Học liệu Trường Đại học Cần Thơ |
|---|
| LEADER | 00648nam a2200205Ia 4500 | ||
|---|---|---|---|
| 001 | CTU_172152 | ||
| 008 | 210402s9999 xx 000 0 und d | ||
| 082 | |a 338.1021 | ||
| 082 | |b F686 | ||
| 110 | |a Food and Agriculture Organization of the United Nations | ||
| 245 | 0 | |a Fao Statistical Yearbook = | |
| 245 | 0 | |b Annuaire statistique de la FAO | |
| 245 | 0 | |c Food and Agriculture Organization of the United Nations | |
| 260 | |a Rome | ||
| 260 | |b FAO | ||
| 260 | |c 2005 | ||
| 650 | |a Agriculture,Nông nghiệp | ||
| 650 | |x Statistics,Thống kê | ||
| 904 | |i Hồng Cẩm | ||
| 980 | |a Trung tâm Học liệu Trường Đại học Cần Thơ | ||